Southville International School and Colleges
Your cart is empty.
  • Cart
  • Lists
    Public lists Eva Luna New books Lux_list list_1
    Your lists Log in to create your own lists
  • Log in to your account
  • Your cookies
  • Search history
Southville International School and Colleges
  • Advanced search
  • Recent comments
  • Most popular
  • Libraries

Log in to your account

Log in with GOOGLE


If you do not have an external account, but do have a local account, you can still log in:

  1. Home
  2. MARC view: Scholastic atlas of the world /
Normal view MARC view ISBD view

Scholastic atlas of the world / (Record no. 105229)

[ view plain ]
MARC details
000 -LEADER
fixed length control field 00463nam a2200169 a 4500
005 - DATE AND TIME OF LATEST TRANSACTION
control field 20140412111348.0
008 - FIXED-LENGTH DATA ELEMENTS--GENERAL INFORMATION
fixed length control field 050421s19uu xx 00 eng d
020 ## - INTERNATIONAL STANDARD BOOK NUMBER
International Standard Book Number 0-439-52797-X
050 ## - LIBRARY OF CONGRESS CALL NUMBER
Classification number REF 912
Item number Sc64 2001
100 ## - MAIN ENTRY--PERSONAL NAME
Personal name Steele, Philip, 1948-
245 ## - TITLE STATEMENT
Title Scholastic atlas of the world /
Statement of responsibility, etc by Philip Steele.
260 ## - PUBLICATION, DISTRIBUTION, ETC. (IMPRINT)
Place of publication, distribution, etc New York :
Name of publisher, distributor, etc Scholastic Inc.,
Date of publication, distribution, etc 2001.
300 ## - PHYSICAL DESCRIPTION
Extent 224 p. ; ill.
650 ## - SUBJECT ADDED ENTRY--TOPICAL TERM
Topical term or geographic name as entry element Atlases
650 ## - SUBJECT ADDED ENTRY--TOPICAL TERM
Topical term or geographic name as entry element Geography
Holdings
Withdrawn status Lost status Damaged status Home library Current library Shelving location Date acquired Source of acquisition Cost, normal purchase price Total Checkouts Full call number Barcode Date last seen Price effective from Koha item type
      Elizalde Library Elizalde Library Reference Section 04/21/2005   649.00   REF 912 Sc64 2001 E9672 04/12/2014 04/12/2014 Books

Scholastic atlas of the world /

APA

Steele P. 1., . (2001). Scholastic atlas of the world. New York: Scholastic Inc.

Chicago

Steele Philip 1948, . 2001. Scholastic atlas of the world. New York: Scholastic Inc.

Harvard

Steele P. 1., . (2001). Scholastic atlas of the world. New York: Scholastic Inc.

MLA

Steele Philip 1948, . Scholastic atlas of the world. New York: Scholastic Inc. 2001.

  • Place hold
  • Print
  • Cite
  • Add to your cart (remove)
  • Save record
    BIBTEX Dublin Core MARCXML MARC (non-Unicode/MARC-8) MARC (Unicode/UTF-8) MARC (Unicode/UTF-8, Standard) MODS (XML) RIS
  • More searches
    Search for this title in:
    Other Libraries (WorldCat) Other Databases (Google Scholar) Online Stores (Bookfinder.com) Open Library (openlibrary.org)

Exporting to Dublin Core...

SOUTHVILLE LIBRARY

Southville International School and Colleges Library

1281 Tropical Ave. Cor. Luxembourg St., BF Homes International, Las Pinas City

Tel. No. 8256374 / 252358 Loc. 117/146

Powered by Koha